Loading...
| Literature - American Literature | 0 | 7 | 0 | 0 | 70 | 80 | 98.86 | 3 | 7 |
| Philosophy | 2 | 3 | 0 | 0 | 60 | 42 | 71.60 | 3 | 5 |
| Literature - British Literature | 2 | 3 | 2 | 0 | 50 | 43 | 82.60 | 2 | 5 |
| Literature - European Literature | 0 | 5 | 1 | 1 | 45 | 116 | 123.60 | 2 | 2 |
| Literature - World Literature | 0 | 3 | 0 | 0 | 30 | 83 | 105.00 | 1 | 3 |
| Geography | 0 | 3 | 0 | 1 | 30 | 72 | 108.67 | 1 | 3 |
| Science - Other Science | 0 | 2 | 0 | 0 | 20 | 78 | 93.00 | 0 | 2 |
| Fine Arts - Visual Fine Arts | 0 | 2 | 1 | 0 | 15 | 122 | 125.50 | 0 | 2 |
| Science - Biology | 0 | 2 | 1 | 1 | 15 | 61 | 90.50 | 1 | 1 |
| Current Events | 0 | 1 | 0 | 0 | 10 | 108 | 108.00 | 0 | 1 |
| Fine Arts - Other Fine Arts | 0 | 1 | 0 | 0 | 10 | 101 | 101.00 | 1 | 1 |
| Science - Chemistry | 0 | 1 | 0 | 0 | 10 | 109 | 109.00 | 1 | 1 |
| History - World History | 0 | 1 | 0 | 0 | 10 | 79 | 79.00 | 1 | 1 |
| Mythology | 0 | 1 | 0 | 0 | 10 | 89 | 89.00 | 1 | 1 |
| Other Academic | 0 | 1 | 0 | 0 | 10 | 60 | 60.00 | 0 | 1 |
| History - European History | 0 | 0 | 0 | 0 | 0 | 0.00 | 0 | 0 | |
| History - American History | 0 | 0 | 1 | 0 | -5 | 0.00 | 0 | 0 | |
| Religion | 0 | 0 | 1 | 0 | -5 | 0.00 | 0 | 0 |